BFI: The 100 greatest American films - Statistics

General Stats
  • This quiz has been taken 116 times
  • The average score is 41 of 100
Answer Stats
Hint Answer % Correct
1972 The Godfather
92%
1974 The Godfather Part II
86%
1942 Casablanca
82%
1941 Citizen Kane
82%
1968 2001: A Space Odyssey
80%
1977 Star Wars
80%
1952 Singin’ in the Rain
77%
1939 Gone With the Wind
76%
1960 Psycho
75%
1990 Goodfellas
73%
1958 Vertigo
72%
1979 Apocalypse Now
70%
1982 ET: The Extra-Terrestrial
70%
1975 Jaws
69%
1960 The Apartment
69%
1994 Pulp Fiction
68%
1976 Taxi Driver
68%
1959 North by Northwest
66%
1980 Raging Bull
66%
1939 The Wizard of Oz
66%
1993 Schindler’s List
65%
1931 City Lights
62%
1994 Forrest Gump
62%
1946 It’s a Wonderful Life
61%
1975 One Flew Over the Cuckoo’s Nest
61%
1980 The Shining
59%
1959 Some Like It Hot
58%
1977 Annie Hall
56%
1974 Chinatown
56%
1956 The Searchers
56%
1964 Dr. Strangelove: Or, How I Learned to Stop Worrying and Love the Bomb
55%
1981 Raiders of the Lost Ark
55%
1936 Modern Times
54%
1950 Sunset Boulevard
52%
1967 The Graduate
52%
1980 The Empire Strikes Back
51%
1975 Barry Lyndon
48%
1944 Double Indemnity
48%
1985 Back to the Future
46%
1927 Sunrise
46%
1915 The Birth of a Nation
46%
1974 The Conversation
46%
1925 The Gold Rush
46%
1938 Bringing Up Baby
44%
1989 Do the Right Thing
42%
1924 Sherlock Jr
42%
1975 Nashville
41%
1961 West Side Story
41%
1940 His Girl Friday
39%
2001 Mulholland Drive
39%
1939 Stagecoach
39%
1999 Eyes Wide Shut
38%
1976 Network
38%
1946 The Best Years of Our Lives
38%
1958 Touch of Evil
38%
1977 Close Encounters of the Third Kind
37%
1973 Mean Streets
37%
1942 The Magnificent Ambersons
37%
1933 Duck Soup
35%
1986 Blue Velvet
34%
1946 Notorious
32%
2008 The Dark Knight
31%
1955 The Night of the Hunter
31%
1959 Rio Bravo
28%
1962 The Man Who Shot Liberty Valance
28%
1974 A Woman Under the Influence
27%
1971 McCabe & Mrs Miller
27%
1969 The Wild Bunch
27%
2013 12 Years a Slave
25%
1924 Greed
25%
1994 The Lion King
25%
1978 Days of Heaven
24%
2004 Eternal Sunshine of the Spotless Mind
24%
1964 Marnie
21%
1944 Meet Me in St Louis
21%
1991 Thelma & Louise
21%
2011 The Tree of Life
21%
1972 Deliverance
20%
1959 Imitation of Life
20%
1993 Groundhog Day
18%
1950 In a Lonely Place
18%
1940 The Shop Around the Corner
18%
1941 The Lady Eve
17%
1980 Heaven’s Gate
15%
1978 Killer of Sheep
15%
1948 Red River
15%
1951 Ace in the Hole
14%
1984 Love Streams
14%
1953 The Band Wagon
14%
1989 Crimes and Misdemeanors
13%
1954 Johnny Guitar
13%
1943 Meshes of the Afternoon
13%
1951 A Place in the Sun
11%
1968 Night of the Living Dead
11%
1948 Letter from an Unknown Woman
10%
1983 The Right Stuff
10%
2002 25th Hour
8%
1982 Koyaanisqatsi
7%
1941 The Shanghai Gesture
7%
1975 Grey Gardens
6%
No matching quizzes found
Score Distribution
Percent of People with Each Score
Percentile by Number Answered
Your Score History
You have not taken this quiz